000 00427nam a22001217a 4500
008 230609b xxu||||| |||| 00| 0 eng d
082 _a354.676
_bGOK
110 _bGovernment of Kenya
245 _a2009/2010 Supplementary Estimates (Development Expenditures)
_bEstimate of further sums required to be voted for the service of the year ending 30th June, 2010
260 _aKenya
_bGoK
_c2009/2010
300 _a591p
942 _2ddc
_cBK
999 _c871
_d871